000
00483nam a2200181Ia 4500
008
090124s9999 xx 000 0 und d
082
_b
125735
100
_a
राजे नयना
245
_a
आत्मसन्मान
250
_a
1
260
_c
1993
300
_a
133
600
_a
राजे नयना
630
_a
आत्मसन्मान
700
_a
राजे नयना
730
_a
आत्मसन्मान
942
_c
BOOK
999
_c
171825
_d
171825